<?xml version="1.0" encoding="UTF-8"?>
<record
    xmlns:xsi="http://www.w3.org/2001/XMLSchema-instance"
    xsi:schemaLocation="http://www.loc.gov/MARC21/slim http://www.loc.gov/standards/marcxml/schema/MARC21slim.xsd"
    xmlns="http://www.loc.gov/MARC21/slim">

  <leader>00383    a2200109   4500</leader>
  <controlfield tag="001">ART_41540</controlfield>
  <controlfield tag="005">20260410162023.0</controlfield>
  <controlfield tag="008">260409a                                 </controlfield>
  <datafield tag="245" ind1="1" ind2="0">
    <subfield code="a">Panorama global de la emergencia en perspectiva constitucional</subfield>
  </datafield>
  <datafield tag="100" ind1="1" ind2=" ">
    <subfield code="a">Bidart Campos, German J.</subfield>
  </datafield>
  <datafield tag="773" ind1="0" ind2=" ">
    <subfield code="t">Revista Iberoamericana de derecho constitucional</subfield>
    <subfield code="g">- A&#xF1;o I, N&#xBA; 1 (nov. 2003)</subfield>
    <subfield code="w">REV41515</subfield>
  </datafield>
  <datafield tag="999" ind1=" " ind2=" ">
    <subfield code="c">33280</subfield>
    <subfield code="d">33280</subfield>
  </datafield>
</record>
